Statistiques concernant Anagrammes aléatoires de villes européennes

Cliquez ici pour prendre le quiz!

Statistiques générales

  • Ce quiz a été pris 10 979 fois
  • Le résultat moyen est 7 sur 20

Statistiques - réponses

ville% Correct
Oslo
93%
Kiev
91%
Rome
86%
Metz
81%
Lyon
80%
Paris
79%
Lille
78%
Nice
76%
Liège
75%
Bâle
74%
Genève
74%
Moscou
73%
Bruxelles
72%
Riga
72%
Sofia
70%
Berlin
66%
Gênes
66%
Milan
66%
Zagreb
66%
Édimbourg
65%
Minsk
65%
Porto
64%
Vienne
64%
Gand
63%
Stockholm
63%
Glasgow
60%
Malaga
60%
Varsovie
60%
Venise
60%
Madrid
58%
Budapest
56%
Turin
56%
Zurich
55%
Athènes
54%
Brême
54%
Dublin
54%
Helsinki
54%
Munich
54%
Skopje
54%
Bari
53%
Bilbao
53%
Amsterdam
52%
Stuttgart
52%
Vilnius
52%
Łódź
51%
Malmö
51%
Perm
51%
Tours
51%
Lviv
49%
Bratislava
48%
Prague
48%
Leipzig
45%
Ljubljana
45%
Vigo
45%
Copenhague
44%
Sarajevo
44%
Toulon
41%
Belgrade
40%
Bordeaux
39%
Dresde
39%
Kazan
38%
Oufa
38%
Tallinn
36%
Vérone
36%
Saragosse
35%
Naples
34%
Rennes
34%
Strasbourg
33%
Séville
31%
Belfast
30%
Birmingham
30%
Bucarest
30%
Chișinău
30%
Göteborg
30%
Lisbonne
30%
Londres
30%
Nantes
30%
Cracovie
29%
Toulouse
29%
Valladolid
29%
Palerme
28%
Rouen
28%
Cardiff
27%
Gdańsk
27%
Hanovre
27%
Liverpool
26%
Priština
26%
Valence
26%
Anvers
25%
Barcelone
25%
Leeds
25%
Odessa
25%
Tirana
25%
Donetsk
24%
Kharkiv
23%
Nuremberg
23%
Poznań
23%
Volgograd
23%
Bologne
22%
Iaşi
22%
Eindhoven
21%
Grenade
21%
Grenoble
21%
Brno
20%
Hambourg
20%
Manchester
20%
Samara
19%
Cagliari
18%
Montpellier
18%
Wrocław
18%
Bergame
17%
Bristol
16%
Sheffield
16%
Florence
15%
Sébastopol
15%
Swansea
15%
Tver
15%
Koursk
14%
Marseille
14%
Nottingham
14%
Catane
13%
Newcastle
13%
Toula
13%
Lublin
12%
Mannheim
12%
Zaporijia
12%
Brighton
11%
Padoue
11%
Augsbourg
10%
Bournemouth
10%
Istamboul
10%
Murcie
10%
Southampton
10%
Constanţa
9%
Dnipro
9%
Kaliningrad
9%
Krasnodar
9%
Utrecht
8%
Brunswick
7%
Charleroi
7%
Iekaterinbourg
7%
Kirov
7%
Leicester
7%
Thessalonique
7%
Belgorod
6%
Brescia
6%
Groningue
6%
Plovdiv
6%
Bielefeld
5%
Karlsruhe
5%
Lipetsk
5%
Sarrebruck
5%
Tarente
5%
Briansk
4%
Makhachkala
4%
Riazan
4%
Szczecin
4%
Vinnytsia
4%
Gomel
3%
Marioupol
3%
Middlesbrough
3%
Mykolaiv
3%
Orenbourg
3%
Oulianovsk
3%
Penza
3%
Stavropol
3%
Togliatti
3%
Voronej
3%
Alicante
2%
Astrakhan
2%
Iaroslavl
2%
Ivanovo
2%
Louhansk
2%
Tcheboksary
2%
Tcheliabinsk
2%
Ijevsk
0%

Distribution des résultats

Percentile par nombre de réponses

% des personnes avec chaque résultat

Votre développement - résultats

Vous n’avez pas pris ce quiz